000 00462nam a2200169Ia 4500
003 GCL
008 140319s9999 xx 000 0 eng d
040 _aGCL /
_cGCL
082 0 4 _a658.8
_bO C
100 1 _aO.SHAUGHNESSY.JOHN
245 1 0 _aCOMPETITIVE MARKETING: A STRATEGIC APPROACH /
_cO.SHAUGHNESSY.JOHN
260 _a[S.N] :
_bACADEMIC DIVISON OF UNWIN HYMAN ،
_c1992
300 _a460
650 0 4 _aMANAGEMENT
650 0 4 _aMARKETING
942 _2ddc
_cBK
999 _c11350
_d11350